Đạo đức trong kinh doanh

محفوظ في:
التفاصيل البيبلوغرافية
المؤلف الرئيسي: Henderson, Verne E.
التنسيق: كتاب
اللغة:Undetermined
منشور في: Hà Nội Văn hóa 1996
الموضوعات:
الوسوم: إضافة وسم
لا توجد وسوم, كن أول من يضع وسما على هذه التسجيلة!
Thư viện lưu trữ: Trung tâm Học liệu Trường Đại học Cần Thơ
LEADER 00500nam a2200193Ia 4500
001 CTU_154531
008 210402s9999 xx 000 0 und d
020 |c 28500 
082 |a 174 
082 |b H496 
100 |a Henderson, Verne E. 
245 0 |a Đạo đức trong kinh doanh 
245 0 |c Verne E. Henderson 
260 |a Hà Nội 
260 |b Văn hóa 
260 |c 1996 
650 |a Business ethics 
904 |i Giang 
980 |a Trung tâm Học liệu Trường Đại học Cần Thơ